AH International Schools' Libraries

Diggersaurs / (Record no. 48569)

MARC details
000 -LEADER
fixed length control field 00901nam a2200217 4500
020 ## - INTERNATIONAL STANDARD BOOK NUMBER
International Standard Book Number 9781984894083
Qualifying information (board book)
020 ## - INTERNATIONAL STANDARD BOOK NUMBER
International Standard Book Number 1984894080
Qualifying information (board book)
020 ## - INTERNATIONAL STANDARD BOOK NUMBER
International Standard Book Number 9780141375502
100 1# - MAIN ENTRY--PERSONAL NAME
Personal name Whaite, Michael,
Relator term author,
-- illustrator.
9 (RLIN) 86107
245 10 - TITLE STATEMENT
Title Diggersaurs /
Statement of responsibility, etc Michael Whaite.
260 ## - PUBLICATION, DISTRIBUTION, ETC. (IMPRINT)
Place of publication, distribution, etc UK, :
Name of publisher, distributor, etc Random House ;
Date of publication, distribution, etc 2019.
300 ## - PHYSICAL DESCRIPTION
Extent 32 pages.
Other physical details color illustrations ;
490 ## - SERIES STATEMENT
Series statement Diggersaurs
520 ## - SUMMARY, ETC.
Summary, etc Bigger than diggers or dinosaurs, a crew of diggersaurs rumble, crunch, and stack their way through a busy day at the construction site.
650 #1 - SUBJECT ADDED ENTRY--TOPICAL TERM
Topical term or geographic name as entry element Stories in rhyme.
650 #1 - SUBJECT ADDED ENTRY--TOPICAL TERM
Topical term or geographic name as entry element Construction equipment
Form subdivision Fiction.
9 (RLIN) 71629
650 ## - SUBJECT ADDED ENTRY--TOPICAL TERM
Topical term or geographic name as entry element Diggers
Form subdivision Juvenile fiction.
9 (RLIN) 62125
650 ## - SUBJECT ADDED ENTRY--TOPICAL TERM
Topical term or geographic name as entry element Dinosaurs
Form subdivision Fiction.
942 ## - ADDED ENTRY ELEMENTS (KOHA)
Source of classification or shelving scheme
Koha item type Book
Holdings
Withdrawn status Lost status Source of classification or shelving scheme Damaged status Not for loan Home library Current library Date acquired Total Checkouts Full call number Barcode Date last seen Date checked out Price effective from Koha item type
          Logos International School Logos International School 03/11/2025 1 E WHA 040497 04/07/2025 03/31/2025 03/11/2025 Book

For any Logos Library related questions please contact Miss Art at swongnarasuk@asianhope.org.

For any Asian Hope Library related questions please contact Miss Raza at graza@asianhope.org.

Powered by Koha